000 00408nam a2200157Ia 4500
008 160114s9999 xx 000 0 und d
020 _a8129103680
050 _a793.74
050 _b.S186r 2010
100 _aSalwi, Dilip M.
245 _aSuper Genius Maths Quiz /
_cDilip M Salwi.
260 _aNew Delhi
_bRupa Co.
_c2010
300 _a135 pages;
650 _aMathematics --
650 _xMiscellanea.
999 _c290323
_d290323